THE ALL ENGLAND LAW REPORTS 2009, VOLUME 2 (Record no. 216272)

MARC details
000 -LEADER
fixed length control field 00417nam a22001457a 4500
008 - FIXED-LENGTH DATA ELEMENTS--GENERAL INFORMATION
fixed length control field 251125b |||||||| |||| 00| 0 eng d
020 ## - INTERNATIONAL STANDARD BOOK NUMBER
International Standard Book Number 978-81-8038-878-1
100 ## - MAIN ENTRY--PERSONAL NAME
Personal name WIDDICOMBE, KAREN
245 ## - TITLE STATEMENT
Title THE ALL ENGLAND LAW REPORTS 2009, VOLUME 2
260 ## - PUBLICATION, DISTRIBUTION, ETC.
Place of publication, distribution, etc. LONDON
Name of publisher, distributor, etc. LEXISNEXIS
Date of publication, distribution, etc. 2009
300 ## - PHYSICAL DESCRIPTION
Extent XXII, 1220P.
650 ## - SUBJECT ADDED ENTRY
Topical term or geographic name entry element LAW REPORTS, DIGESTS-ENGLAND AND WALES
942 ## - ADDED ENTRY ELEMENTS (KOHA)
Source of classification or shelving scheme Library of Congress Classification
Koha item type Reference

No items available.